Hiroshima mon amor (Record no. 58440)

MARC details
000 -LEADER
campo de control de longitud fija 00819nam a2200241 i 4500
001 - NÚMERO DE CONTROL
campo de control 58440
003 - IDENTIFICADOR DE NÚMERO DE CONTROL
campo de control ES-MaACL
005 - FECHA Y HORA DE LA ÚLTIMA TRANSACCIÓN
campo de control 20231114062532.0
007 - CAMPO FIJO DE DESCRIPCIÓN FÍSICA--INFORMACIÓN GENERAL
campo de control de longitud fija t|
008 - DATOS DE LONGITUD FIJA--INFORMACIÓN GENERAL
campo de control de longitud fija 031022s1964 sp ||||1| spa d
100 0# - ENTRADA PRINCIPAL--NOMBRE DE PERSONA
Nombre de persona Duras, Marguerite,
Fechas asociadas al nombre 1914-1996
9 (RLIN) 46279
245 10 - MENCIÓN DEL TÍTULO
Título Hiroshima mon amor
Resto del título : guión y diálogos /
Mención de responsabilidad, etc. Marguerite Duras ; dirección, Alain Resnais ; [traducción de Caridad Martínez].
260 ## - PUBLICACIÓN, DISTRIBUCIÓN, ETC.
Lugar de publicación, distribución, etc. Barcelona :
Nombre del editor, distribuidor, etc. Seix Barral,
Fecha de publicación, distribución, etc. 1964.
300 ## - DESCRIPCIÓN FÍSICA
Extensión 151 p., 9 lám. ;
Dimensiones 18 cm.
490 1# - MENCIÓN DE SERIE
Mención de serie Biblioteca breve ;
Designación de volumen o secuencia 194
655 #7 - TERMINO DE INDIZACIÓN--GENERO/FORMA
Fuente del término tgfbne
Datos o término principal de género/forma Guiones cinematográficos
9 (RLIN) 234355
700 1# - ENTRADA AGREGADA--NOMBRE PERSONAL
Nombre de persona Resnais, Alain.
9 (RLIN) 96331
700 1# - ENTRADA AGREGADA--NOMBRE PERSONAL
Nombre de persona Martínez, Caridad.
9 (RLIN) 77723
830 1# - PUNTO DE ACCESO ADICIONAL DE SERIE-TÍTULO UNIFORME
Título uniforme Biblioteca breve (Seix Barral)
Designación de volumen o secuencia 194
9 (RLIN) 227188
852 ## - LOCALIZACIÓN
Ubicación ES-MaACL
Número de control de estantería C-25725
942 ## - ELEMENTOS DE ENTRADA SECUNDARIOS (KOHA)
Fuente del sistema de clasificación o colocación Clasificación decimal universal
Holdings
Estatus retirado Estado de pérdida Estado de daño No para préstamo Biblioteca de origen Biblioteca actual Ubicación en estantería Fecha de adquisición Fuente de adquisición Total de préstamos Signatura topográfica completa Código de barras Visto por última vez Precio de reemplazo Tipo de ítem Koha
        Biblioteca del Ateneo de Madrid Biblioteca del Ateneo de Madrid Depósito 2 17/01/2008     C-25725 1061321 23/02/2023 23/02/2023 Libro impreso